| 000 | 01137namaa2200289 i 4500 | ||
|---|---|---|---|
| 003 | EG-GICUC | ||
| 005 | 20251022114908.0 | ||
| 008 | 251022s19uu ** |||jr|||| 000 0 ara d | ||
| 040 |
_aEG-GiCUC _bara _cEG-GiCUC _dEG-GiCUC _erda |
||
| 082 | 0 | 4 |
_221 _a809 _bA5171m |
| 092 | 0 | 4 |
_221 _a809 _bA5171m |
| 099 | _a809 A5171m | ||
| 100 | 1 |
_aالمخزومى، عز الدين _eمؤلف. |
|
| 245 | 1 | 2 |
_aالتنظير الأدبى والنقدى عند أحمد أمين ومنهجه فى الدراسة الادبية والنقد الأدبى / _cعز الدين المخزومى. |
| 264 |
_a[مكان النشر غير محدد : _bالناشر غير محدد، _c19--]. |
||
| 300 |
_a526 صفحة ؛ _c30 سم |
||
| 336 |
_2rdacontent _atext |
||
| 337 |
_2rdamedia _aUnmediated |
||
| 338 |
_2rdacarrier _avolume |
||
| 504 | _aيشتمل على ارجاعات ببليوجرافية . | ||
| 541 |
_aد. جابر عصفور ؛ _bالقاهرة ؛ _cإهداء ؛ _d2024. |
||
| 650 | 1 | 7 |
_aالنقد الادبى _2qrmak |
| 650 | 1 | 7 |
_aالادب _xتاريخ ونقد _2qrmak |
| 651 | 1 | _2qrmak | |
| 905 | _aAya | ||
| 942 |
_2ddc _cBK _e21 _n0 |
||
| 999 |
_c175143 _d175143 |
||